000 00236nam a2200097Ia 4500
005 20251222114354.0
008 251222s1900||||xx |||||||||||||| ||spa||
082 _aDVD0070/C25/2005
245 0 _aGol!: el sueƱo imposible:Goal!
942 _cDVD
999 _c1357
_d1357